00215nam a2200085Ia 4500008004100000041000800041100001500049245003000064260003500094241105s9999 xx 000 0 und d aeng aLamkane B. aEcotel On An Island : Goa bFinal Year B. Arch, BNCAc2010